[Event "FRA-chT Top 12"]
[Site "Mulhouse"]
[Date "2011.05.28"]
[Round "3.5"]
[White "De Sousa, Jose Claude"]
[Black "Vernay, Clovis"]
[Result "1-0"]
[WhiteElo "2258"]
[BlackElo "2462"]
[PlyCount "77"]
[EventDate "2011.05.26"]
[EventType "team-tourn"]
[EventRounds "11"]
[EventCountry "FRA"]
[SourceTitle "CBM 142 Extra"]
[Source "ChessBase"]
[SourceDate "2011.06.27"]
[SourceVersion "1"]
[SourceVersionDate "2011.06.27"]
[SourceQuality "1"]
[WhiteTeam "Guingamp"]
[BlackTeam "Chalons en Champagne"]
[WhiteTeamCountry "FRA"]
[BlackTeamCountry "FRA"]

1. e4 e6 2. d4 d5 3. Nc3 Nf6 4. e5 Nfd7 5. f4 c5 6. Nf3 Nc6 7. Be3 Rb8 8. Qd2 Qa5 9. Bd3 c4 10. Be2 b5 11. 0-0 b4 12. Nd1 Ba6 13. Qe1 Nb6 14. b3 Ne7 15. g4 h5 16. h3 hxg4 17. hxg4 Rc8 18. Bd2 Nc6 19. f5 Nd8 20. Ne3 c3 21. Bc1 Na8 22. Ng2 Rc6 23. Be3 Nc7 24. Qf2 Bxe2 25. Qxe2 Qb5 26. Qf2 Ra6 27. Bg5 Qd7 28. Ne3 Nc6 29. Kg2 Nb5 30. Qe2 Ra5 31. Qd3 Nc7 32. Rh1 Rg8 33. fxe6 fxe6 34. Qh7 Qf7 35. Raf1 g6 36. Qxf7+ Kxf7 37. Rh7+ Bg7 38. Bh6 g5 39. Nxg5+ 1-0

[Event "FRA-chT Top 12"]
[Site "Mulhouse"]
[Date "2011.05.26"]
[Round "1.5"]
[White "De Sousa, Jose Claude"]
[Black "Maze, Sebastien"]
[Result "0-1"]
[WhiteElo "2258"]
[BlackElo "2571"]
[PlyCount "128"]
[EventDate "2011.05.26"]
[EventType "team-tourn"]
[EventRounds "11"]
[EventCountry "FRA"]
[SourceTitle "CBM 142 Extra"]
[Source "ChessBase"]
[SourceDate "2011.06.27"]
[SourceVersion "1"]
[SourceVersionDate "2011.06.27"]
[SourceQuality "1"]
[WhiteTeam "Guingamp"]
[BlackTeam "Clichy Echecs 92"]
[WhiteTeamCountry "FRA"]
[BlackTeamCountry "FRA"]

1. e4 c5 2. Nf3 d6 3. d4 cxd4 4. Qxd4 a6 5. Be3 Nc6 6. Qb6 Qxb6 7. Bxb6 Nf6 8. Nc3 Bg4 9. Be2 Rc8 10. 0-0-0 g6 11. Be3 Bg7 12. h3 Bxf3 13. Bxf3 Nd7 14. Nd5 Nce5 15. Be2 Nc4 16. Bxc4 Rxc4 17. f3 e6 18. b3 Rc6 19. Nb4 Rc7 20. Bd4 Bxd4 21. Rxd4 a5 22. Nd3 Ke7 23. Nb2 Rhc8 24. Rc4 Nc5 25. Rd1 b5 26. Rcd4 a4 27. b4 Nd7 28. R1d2 a3 29. Nd1 Ne5 30. Kb1 g5 31. Ne3 Rc6 32. Ng4 Nc4 33. Re2 h5 34. Nf2 h4 35. Nd1 Ne5 36. Red2 Ra8 37. Re2 Ra4 38. c3 Rc7 39. Rc2 Ra8 40. Ne3 Rac8 41. Nd1 Nc4 42. Rc1 Ne5 43. Rc2 f6 44. Rcd2 Rd7 45. Re2 Kf7 46. Rdd2 Nc4 47. Rd3 Ne5 48. Rdd2 Ng6 49. Kc2 Nf4 50. Re1 d5 51. Kb3 d4 52. cxd4 Rc1 53. Kxa3 Rb1 54. Rb2 Ra1 55. Rd2 Nd3 56. Rxd3 Rb1 57. Nb2 Rxe1 58. Rd2 Re3+ 59. Rd3 Rxd3+ 60. Nxd3 Rxd4 61. Nc1 Rd2 62. Nb3 Rxg2 63. Nd4 Rg3 64. Nxb5 g4 0-1

[Event "POR-chT 52nd"]
[Site "Vila Nova de Gaia"]
[Date "2010.07.25"]
[Round "2.1"]
[White "Hennig, Dirk"]
[Black "De Sousa, Jose Claude"]
[Result "1-0"]
[WhiteElo "2404"]
[BlackElo "2262"]
[PlyCount "131"]
[EventDate "2010.07.24"]
[EventType "team-tourn"]
[EventRounds "9"]
[EventCountry "POR"]
[SourceTitle "EXT 2011"]
[Source "ChessBase"]
[SourceDate "2010.11.26"]
[SourceVersion "1"]
[SourceVersionDate "2010.11.26"]
[SourceQuality "1"]
[WhiteTeam "Albufeira"]
[BlackTeam "Porto"]
[WhiteTeamCountry "POR"]
[BlackTeamCountry "POR"]

1. d4 Nf6 2. Bg5 e6 3. e3 h6 4. Bh4 c5 5. c3 Be7 6. Bxf6 gxf6 7. Nd2 b6 8. Qh5 Bb7 9. Ngf3 d6 10. e4 cxd4 11. Nxd4 Qc8 12. Bc4 Kf8 13. 0-0 Qc5 14. Qh3 Nc6 15. N4b3 Qg5 16. f4 Qg8 17. Rae1 h5 18. Qe3 Rd8 19. Qe2 h4 20. Rf3 Rh6 21. Rh3 Qh7 22. Bd3 Rh5 23. Qf2 Kg7 24. Nf3 Rh8 25. Kh1 Qh6 26. Nfd4 Qh7 27. Rd1 Qg8 28. Be2 R5h6 29. Bf3 Qa8 30. Nb5 Qb8 31. N3d4 a6 32. Nxc6 Bxc6 33. Nd4 Ba8 34. f5 e5 35. Nc2 Qc7 36. Nb4 Bb7 37. Nd5 Bxd5 38. Rxd5 Qc4 39. a3 Qc6 40. Bd1 Bd8 41. Bb3 Bc7 42. Qe2 b5 43. Rdd3 Kf8 44. Bd5 Qc5 45. b4 Qa7 46. Qa2 R6h7 47. Rdf3 Ke7 48. a4 bxa4 49. Qxa4 Qb6 50. Rf1 a5 51. Qc2 axb4 52. cxb4 Bb8 53. Rb1 Rg8 54. Rc3 h3 55. g3 Rhh8 56. Rc6 Qa7 57. b5 Rd8 58. b6 Qa3 59. Rc3 Rc8 60. Rxa3 Rxc2 61. Ra7+ Bxa7 62. bxa7 Rhc8 63. Rg1 Rb2 64. a8Q Rcc2 65. Qb7+ Ke8 66. Qxb2 1-0

[Event "FRA-chT Top 16 GpA"]
[Site "France"]
[Date "2010.04.29"]
[Round "4"]
[White "Paci, Cedric"]
[Black "De Sousa, Jose Claude"]
[Result "1-0"]
[WhiteElo "2345"]
[BlackElo "2281"]
[PlyCount "93"]
[EventDate "2010.03.26"]
[EventType "team-tourn"]
[EventRounds "7"]
[EventCountry "FRA"]
[SourceTitle "CBM 135 Extra"]
[Source "ChessBase"]
[SourceDate "2010.05.04"]
[SourceVersion "1"]
[SourceVersionDate "2010.05.04"]
[SourceQuality "1"]

1. d4 Nf6 2. Bg5 e6 3. e4 h6 4. Bxf6 Qxf6 5. c3 b6 6. Bd3 Bb7 7. Ne2 d6 8. 0-0 Nd7 9. f4 g6 10. Nd2 Qe7 11. e5 Bg7 12. Qe1 h5 13. Be4 d5 14. Bd3 c5 15. Nf3 cxd4 16. cxd4 0-0 17. Qg3 Rfc8 18. Ng5 Nf8 19. Rae1 a5 20. f5 exf5 21. Bxf5 gxf5 22. Rxf5 Rc7 23. Rxf7 Qxf7 24. Nxf7 Rxf7 25. Nf4 Rf5 26. e6 Re8 27. e7 Nh7 28. Qg6 Rf7 29. Nxh5 Rexe7 30. Rxe7 Rxe7 31. Nxg7 Rxg7 32. Qxb6 Ng5 33. Qxa5 Nf3+ 34. Kf2 Ng5 35. a4 Ne4+ 36. Kg1 Rf7 37. b4 Nd2 38. Qd8+ Kh7 39. Qh4+ Kg6 40. Qg4+ Kh6 41. h4 Rf1+ 42. Kh2 Ne4 43. Qd7 Nf6 44. Qxb7 Kh5 45. Qg7 Kxh4 46. Qh6+ Kg4 47. Qg6+ 1-0

[Event "FRA-chT1B 0809"]
[Site "France"]
[Date "2009.02.07"]
[Round "6.6"]
[White "Rate, Bruno"]
[Black "De Sousa, Jose Claude"]
[Result "1/2-1/2"]
[WhiteElo "2095"]
[BlackElo "2307"]
[PlyCount "40"]
[EventDate "2008.10.19"]
[EventType "team-tourn"]
[EventRounds "11"]
[EventCountry "FRA"]
[SourceTitle "EXT 2010"]
[Source "ChessBase"]
[SourceDate "2010.11.25"]
[SourceVersion "1"]
[SourceVersionDate "2010.11.25"]
[SourceQuality "1"]
[WhiteTeam "Sautron"]
[BlackTeam "Guingamp"]
[WhiteTeamCountry "FRA"]
[BlackTeamCountry "FRA"]

1. d4 Nf6 2. Nf3 e6 3. c4 b6 4. Nc3 Bb4 5. Qb3 c5 6. a3 Bxc3+ 7. Qxc3 Bb7 8. dxc5 bxc5 9. Bf4 0-0 10. 0-0-0 Ne4 11. Qe1 d5 12. e3 Qb6 13. Bd3 Nc6 14. Bxe4 dxe4 15. Ne5 Nxe5 16. Bxe5 f6 17. Bc3 Qa6 18. Qe2 Bd5 19. b3 Qxa3+ 20. Qb2 Qxb2+ 1/2-1/2

[Event "FRA-chT1B 0809"]
[Site "France"]
[Date "2008.12.13"]
[Round "4.6"]
[White "Picard, Clement"]
[Black "De Sousa, Jose Claude"]
[Result "1/2-1/2"]
[WhiteElo "2152"]
[BlackElo "2307"]
[PlyCount "81"]
[EventDate "2008.10.19"]
[EventType "team-tourn"]
[EventRounds "11"]
[EventCountry "FRA"]
[SourceTitle "EXT 2010"]
[Source "ChessBase"]
[SourceDate "2010.11.25"]
[SourceVersion "1"]
[SourceVersionDate "2010.11.25"]
[SourceQuality "1"]
[WhiteTeam "Migne Auxances"]
[BlackTeam "Guingamp"]
[WhiteTeamCountry "FRA"]
[BlackTeamCountry "FRA"]

1. e4 c5 2. Nf3 e6 3. d4 cxd4 4. Nxd4 Nc6 5. Nc3 Qc7 6. Be2 a6 7. Be3 Nf6 8. 0-0 Be7 9. Kh1 0-0 10. f4 d6 11. a3 Re8 12. Nb3 b5 13. Qe1 Bb7 14. Rd1 b4 15. axb4 Nxb4 16. Bd3 e5 17. Qg3 Nh5 18. Qg4 Nxf4 19. Bxf4 exf4 20. Rxf4 Bf8 21. Nd4 Rad8 22. Rdf1 Re7 23. Nf5 Re6 24. Nd5 Nxd5 25. exd5 Bxd5 26. Nd4 Rh6 27. Qg5 Be6 28. Nxe6 fxe6 29. Rg4 Kh8 30. Rc4 Qb8 31. b3 d5 32. Rh4 Rxh4 33. Qxh4 h6 34. Qh5 e5 35. Bf5 Qd6 36. Qe2 e4 37. c4 d4 38. Bxe4 Qe5 39. Qd3 Bd6 40. g3 Rf8 41. Rxf8+ 1/2-1/2

[Event "FRA-chT1B 0809"]
[Site "France"]
[Date "2008.11.22"]
[Round "2.5"]
[White "Geenen, Marc"]
[Black "De Sousa, Jose Claude"]
[Result "1-0"]
[WhiteElo "2333"]
[BlackElo "2307"]
[PlyCount "39"]
[EventDate "2008.10.19"]
[EventType "team-tourn"]
[EventRounds "11"]
[EventCountry "FRA"]
[SourceTitle "EXT 2010"]
[Source "ChessBase"]
[SourceDate "2010.11.25"]
[SourceVersion "1"]
[SourceVersionDate "2010.11.25"]
[SourceQuality "1"]
[WhiteTeam "Deauville"]
[BlackTeam "Guingamp"]
[WhiteTeamCountry "FRA"]
[BlackTeamCountry "FRA"]

1. e4 c5 2. Nf3 Nc6 3. d4 cxd4 4. Nxd4 e6 5. Nc3 Qc7 6. Be3 a6 7. f4 d6 8. Qf3 Nf6 9. 0-0-0 Nxd4 10. Bxd4 Be7 11. g4 0-0 12. g5 Nd7 13. Rg1 b5 14. Qh5 b4 15. Bd3 bxc3 16. Bxg7 e5 17. Bf6 Re8 18. g6 Nxf6 19. gxf7+ Kf8 20. Rg8+ 1-0

[Event "FRA-chT1A 0708"]
[Site "France"]
[Date "2008.02.09"]
[Round "6.5"]
[White "Rano, David"]
[Black "De Sousa, Jose Claude"]
[Result "1/2-1/2"]
[WhiteElo "2171"]
[BlackElo "2297"]
[PlyCount "52"]
[EventDate "2007.10.21"]
[EventType "team"]
[EventRounds "11"]
[EventCountry "FRA"]
[SourceTitle "EXT 2009"]
[Source "ChessBase"]
[SourceDate "2008.11.26"]
[SourceVersion "1"]
[SourceVersionDate "2008.11.26"]
[SourceQuality "1"]
[WhiteTeam "Noisy le Grand"]
[BlackTeam "Guingamp"]
[WhiteTeamCountry "FRA"]
[BlackTeamCountry "FRA"]

1. d4 Nf6 2. c4 e6 3. Nc3 Bb4 4. a3 Bxc3+ 5. bxc3 b6 6. e3 Bb7 7. f3 Nh5 8. Nh3 f5 9. Bd3 Qh4+ 10. Nf2 0-0 11. Ra2 d6 12. 0-0 Nd7 13. e4 f4 14. a4 a5 15. Ba3 e5 16. c5 dxc5 17. dxc5 Rfd8 18. Qb3+ Kh8 19. Rd2 Rab8 20. cxb6 Nxb6 21. Ng4 Bxe4 22. Bxe4 Rxd2 23. Nxe5 Qf6 24. Nf7+ Kg8 25. Ng5+ Kh8 26. Nf7+ Kg8 1/2-1/2

[Event "FRA-chT Top 16 GpA"]
[Site "France"]
[Date "2007.04.30"]
[Round "6"]
[White "De Sousa, Jose Claude"]
[Black "Netzer, Jean"]
[Result "1/2-1/2"]
[WhiteElo "2294"]
[BlackElo "2396"]
[PlyCount "36"]
[EventDate "2007.02.09"]
[EventType "team"]
[EventRounds "11"]
[EventCountry "FRA"]
[SourceTitle "CBM 118 Extra"]
[Source "ChessBase"]
[SourceDate "2007.07.04"]
[SourceVersion "1"]
[SourceVersionDate "2007.07.04"]
[SourceQuality "1"]
[WhiteTeam "Paris Chess Club"]
[BlackTeam "Bischwiller"]
[WhiteTeamCountry "FRA"]
[BlackTeamCountry "FRA"]

1. e4 c5 2. Nf3 e6 3. d4 cxd4 4. Nxd4 Nc6 5. Nb5 d6 6. Bf4 e5 7. Be3 Nf6 8. Bg5 Be6 9. Bxf6 gxf6 10. Nd2 a6 11. Nc3 Rc8 12. Bc4 Bh6 13. Bxe6 Bxd2+ 14. Qxd2 fxe6 15. 0-0 0-0 16. Kh1 Nd4 17. f4 b5 18. Rac1 Qd7 1/2-1/2

[Event "FRA-chT Gp-A"]
[Site "France"]
[Date "2003.01.31"]
[Round "1.9"]
[White "Hisleur, Gaelle"]
[Black "De Sousa, Jose Claude"]
[Result "1/2-1/2"]
[WhiteElo "1810"]
[BlackElo "2304"]
[PlyCount "87"]
[EventDate "2003.01.31"]
[EventType "team"]
[EventRounds "7"]
[EventCountry "FRA"]
[SourceTitle "CBM 094"]
[Source "ChessBase"]
[SourceDate "2003.05.26"]
[SourceVersion "1"]
[SourceVersionDate "2003.05.26"]
[SourceQuality "1"]
[WhiteTeam "Noyon"]
[BlackTeam "Paris NAO"]
[WhiteTeamCountry "FRA"]
[BlackTeamCountry "FRA"]

1. e4 d5 2. exd5 Qxd5 3. Nc3 Qd6 4. d4 Nf6 5. Nf3 a6 6. Be2 Nbd7 7. Be3 b5 8. a3 Bb7 9. 0-0 e6 10. h3 Be7 11. Qd2 Rd8 12. Rad1 0-0 13. Rfe1 c5 14. dxc5 Qc7 15. Qc1 Nxc5 16. Bf4 Qc6 17. Bf1 Ncd7 18. Nd4 Qb6 19. Nf5 Bc5 20. Ne3 Rc8 21. Qd2 e5 22. Bg3 Rfd8 23. Nf5 Nf8 24. Qg5 Ng6 25. Bh4 Bd4 26. Nxd4 exd4 27. Ne2 Rd5 28. Qg3 Nxh4 29. Qxh4 Rxc2 30. b4 d3 31. Nf4 Rd4 32. Bxd3 Rc3 33. Bxh7+ Nxh7 34. Re8+ Nf8 35. Rxd4 Qxd4 36. Rxf8+ Kxf8 37. Ng6+ fxg6 38. Qxd4 Rc1+ 39. Kh2 Rc8 40. Qd6+ Kg8 41. Qxg6 Rc7 42. Qe8+ Kh7 43. Qh5+ Kg8 44. Qe8+ 1/2-1/2

[Event "Bagneux 10th"]
[Site "Bagneux"]
[Date "2002.12.13"]
[Round "5"]
[White "Nguyen, Chi Minh"]
[Black "De Sousa, Jose Claude"]
[Result "1/2-1/2"]
[WhiteElo "2358"]
[BlackElo "2304"]
[PlyCount "37"]
[EventDate "2002.12.09"]
[EventType "tourn"]
[EventRounds "9"]
[EventCountry "FRA"]
[EventCategory "5"]
[SourceTitle "CBM 091 Extra"]
[Source "ChessBase"]
[SourceDate "2003.01.09"]
[SourceVersion "1"]
[SourceVersionDate "2003.01.09"]
[SourceQuality "1"]

1. d4 Nf6 2. c4 e6 3. Nc3 Bb4 4. f3 0-0 5. e3 c5 6. Bd3 Nc6 7. Nge2 cxd4 8. exd4 d5 9. Bg5 dxc4 10. Bxc4 b6 11. 0-0 Bb7 12. Rc1 Rc8 13. a3 Be7 14. Ba2 Nd5 15. Bd2 Nxc3 16. Bxc3 Ba6 17. Re1 Bxe2 18. Qxe2 Nxd4 19. Qe4 1/2-1/2

[Event "Bagneux 10th"]
[Site "Bagneux"]
[Date "2002.12.11"]
[Round "3"]
[White "Le Quang, Kim"]
[Black "De Sousa, Jose Claude"]
[Result "1-0"]
[WhiteElo "2274"]
[BlackElo "2304"]
[PlyCount "63"]
[EventDate "2002.12.09"]
[EventType "tourn"]
[EventRounds "9"]
[EventCountry "FRA"]
[EventCategory "5"]
[SourceTitle "CBM 091 Extra"]
[Source "ChessBase"]
[SourceDate "2003.01.09"]
[SourceVersion "1"]
[SourceVersionDate "2003.01.09"]
[SourceQuality "1"]

1. c4 Nf6 2. g3 e6 3. Bg2 c5 4. Nf3 Nc6 5. 0-0 Qc7 6. Nc3 a6 7. e3 Rb8 8. d4 Be7 9. d5 Na5 10. b3 b5 11. e4 bxc4 12. Bf4 e5 13. Nxe5 Bd6 14. Nxc4 Nxc4 15. Bxd6 Nxd6 16. e5 Qa5 17. Rc1 0-0 18. exf6 g6 19. Qd2 Ne8 20. Qg5 Qd8 21. d6 Qxf6 22. Qxf6 Nxf6 23. Na4 Bb7 24. Nxc5 Bxg2 25. Kxg2 Rb6 26. Rfd1 Rc8 27. Nxd7 Rxc1 28. Nxf6+ Kg7 29. Rxc1 Kxf6 30. Rd1 Rb8 31. d7 Ke7 32. d8Q+ 1-0

[Event "POR-chT"]
[Site "Lisbon"]
[Date "2002.08.14"]
[Round "4.2"]
[White "Vassallo Barroche, Mauricio"]
[Black "De Sousa, Jose Claude"]
[Result "1/2-1/2"]
[WhiteElo "2426"]
[BlackElo "2308"]
[PlyCount "75"]
[EventDate "2002.08.11"]
[EventType "team"]
[EventRounds "9"]
[EventCountry "POR"]
[SourceTitle "EXT 2004"]
[Source "ChessBase"]
[SourceDate "2003.11.25"]
[SourceVersion "1"]
[SourceVersionDate "2003.11.25"]
[SourceQuality "1"]

1. Nf3 Nf6 2. c4 c5 3. Nc3 e6 4. g3 b6 5. Bg2 Bb7 6. 0-0 Be7 7. Re1 d6 8. e4 Nbd7 9. d4 cxd4 10. Nxd4 Qc7 11. Be3 a6 12. Rc1 0-0 13. f4 h5 14. h3 Rfe8 15. Bf2 Bf8 16. Nd5 exd5 17. cxd5 Qd8 18. Nc6 Bxc6 19. dxc6 Nc5 20. c7 Qxc7 21. e5 dxe5 22. Bxa8 e4 23. b4 Rxa8 24. bxc5 Bxc5 25. Bxc5 bxc5 26. Qc2 Rc8 27. Re3 h4 28. Rc3 hxg3 29. Rxc5 Qb6 30. Kg2 Re8 31. Kxg3 Nd7 32. Rc3 Qg6+ 33. Kh2 Qf5 34. Qf2 Ne5 35. Rc5 Nf3+ 36. Qxf3 Qxc5 37. Rxc5 exf3 38. Kg3 1/2-1/2

[Event "POR-chT"]
[Site "Lisbon"]
[Date "2002.08.13"]
[Round "3.4"]
[White "De Sousa, Jose Claude"]
[Black "Guerra, Vitor Manuel Vestia"]
[Result "0-1"]
[WhiteElo "2308"]
[BlackElo "2137"]
[PlyCount "86"]
[EventDate "2002.08.11"]
[EventType "team"]
[EventRounds "9"]
[EventCountry "POR"]
[SourceTitle "EXT 2004"]
[Source "ChessBase"]
[SourceDate "2003.11.25"]
[SourceVersion "1"]
[SourceVersionDate "2003.11.25"]
[SourceQuality "1"]

1. e4 c5 2. Nf3 e6 3. d3 d5 4. Qe2 d4 5. g3 Nc6 6. e5 Rb8 7. Bg2 Nge7 8. 0-0 Qc7 9. Re1 Ng6 10. h4 h5 11. Bg5 b5 12. Nbd2 Bb7 13. c3 dxc3 14. bxc3 Be7 15. Bxe7 Ncxe7 16. d4 c4 17. a4 a6 18. axb5 axb5 19. Bh3 Qc6 20. Kh2 Nf5 21. Reb1 Nge7 22. Ng5 Nd5 23. Bg2 Ke7 24. Qf3 g6 25. Bh1 Ra8 26. Nde4 Rxa1 27. Rxa1 Ra8 28. Rxa8 Bxa8 29. Nd6 Qa6 30. Ngxf7 Qa1 31. Bg2 Qc1 32. Nh8 Qh6 33. Nhf7 Qc1 34. Ng5 Nc7 35. Qf4 Qxf4 36. gxf4 Bxg2 37. Kxg2 b4 38. Nxc4 bxc3 39. Na3 Nxd4 40. Nf3 c2 41. Nxc2 Nxc2 42. Nd2 Nd5 43. Kg3 Nd4 0-1

[Event "FRA-chT1"]
[Site "France"]
[Date "2002.??.??"]
[Round "9.8"]
[White "Brochet, Philippe"]
[Black "De Sousa, Jose Claude"]
[Result "1/2-1/2"]
[WhiteElo "2381"]
[BlackElo "2274"]
[PlyCount "72"]
[EventDate "2002.02.??"]
[EventType "team"]
[EventRounds "11"]
[EventCountry "FRA"]
[SourceTitle "EXT 2003"]
[Source "ChessBase"]
[SourceDate "2002.11.25"]
[SourceVersion "1"]
[SourceVersionDate "2002.11.25"]
[SourceQuality "1"]
[WhiteTeam "Nice"]
[BlackTeam "Paris NAO"]
[WhiteTeamCountry "FRA"]
[BlackTeamCountry "FRA"]

1. Nf3 c5 2. e4 Nc6 3. Bb5 d6 4. 0-0 Bd7 5. Re1 a6 6. Bxc6 Bxc6 7. d4 cxd4 8. Nxd4 Bd7 9. Nc3 Nf6 10. f4 e5 11. Nf5 Be6 12. Qf3 Qc7 13. Ne3 exf4 14. Ned5 Bxd5 15. Nxd5 Nxd5 16. exd5+ Be7 17. Qe4 Rd8 18. Bxf4 Rd7 19. Bg5 0-0 20. Be3 Bf6 21. c3 Re7 22. Qb4 Rfe8 23. Bf2 Rxe1+ 24. Rxe1 Rxe1+ 25. Bxe1 Qe7 26. Kf1 Be5 27. Qg4 g6 28. Bh4 Qc7 29. Qa4 Kg7 30. Bf2 Qe7 31. h3 Qg5 32. Qc2 Qf4 33. b3 Qh2 34. Bg1 Qf4+ 35. Bf2 Qh2 36. Bg1 Qf4+ 1/2-1/2

[Event "FRA-chT1"]
[Site "France"]
[Date "2002.??.??"]
[Round "5.8"]
[White "De Sousa, Jose Claude"]
[Black "Herbrechtsmeier, Christof"]
[Result "1-0"]
[WhiteElo "2274"]
[BlackElo "2345"]
[PlyCount "97"]
[EventDate "2002.02.??"]
[EventType "team"]
[EventRounds "11"]
[EventCountry "FRA"]
[SourceTitle "EXT 2003"]
[Source "ChessBase"]
[SourceDate "2002.11.25"]
[SourceVersion "1"]
[SourceVersionDate "2002.11.25"]
[SourceQuality "1"]
[WhiteTeam "Paris NAO"]
[BlackTeam "Strasbourg"]
[WhiteTeamCountry "FRA"]
[BlackTeamCountry "FRA"]

1. e4 c5 2. Nf3 Nc6 3. Bb5 g6 4. Bxc6 dxc6 5. d3 Bg7 6. h3 Nf6 7. Nc3 0-0 8. Be3 b6 9. Qd2 Ne8 10. Bh6 Nc7 11. Bxg7 Kxg7 12. Nh2 h5 13. f4 e5 14. fxe5 Qh4+ 15. Qf2 Qxf2+ 16. Kxf2 Re8 17. Nf3 Ne6 18. Ne2 Ba6 19. a4 Nf8 20. Nf4 Rad8 21. a5 b5 22. Rhd1 Nd7 23. e6 fxe6 24. e5 Re7 25. h4 Rf8 26. Kg3 Rf5 27. Re1 Bc8 28. Re2 Nb8 29. Nh3 Na6 30. Nhg5 Rf8 31. Rd1 Rd8 32. Rf1 c4 33. dxc4 bxc4 34. Nd2 c3 35. bxc3 Nc5 36. Ref2 Ba6 37. Rf7+ Rxf7 38. Rxf7+ Kg8 39. Ndf3 Ne4+ 40. Kf4 Nxg5 41. Nxg5 Rd2 42. Rxa7 Bc4 43. a6 Rxc2 44. Ra8+ Kg7 45. a7 Ra2 46. Ne4 c5 47. Nf6 Bd5 48. Nxd5 exd5 49. e6 1-0

[Event "Porto op 12th"]
[Site "Porto"]
[Date "2000.07.25"]
[Round "4"]
[White "Csom, Istvan"]
[Black "De Sousa, Jose Claude"]
[Result "1-0"]
[WhiteElo "2478"]
[BlackElo "2292"]
[PlyCount "76"]
[EventDate "2000.07.22"]
[EventType "swiss"]
[EventRounds "9"]
[EventCountry "POR"]
[SourceTitle "EXT 2001"]
[Source "ChessBase"]
[SourceDate "2000.11.22"]
[SourceVersion "1"]
[SourceVersionDate "2000.11.22"]
[SourceQuality "1"]

1. c4 c5 2. g3 Nc6 3. Bg2 g6 4. Nc3 Bg7 5. d3 e6 6. Nh3 Nge7 7. Nf4 b6 8. a3 Bb7 9. Bd2 d6 10. Rb1 Qd7 11. b4 Nd4 12. Ne4 Rb8 13. e3 Ndf5 14. Qb3 d5 15. cxd5 exd5 16. Ng5 0-0 17. bxc5 bxc5 18. 0-0 c4 19. Qb4 Qc7 20. Nge6 fxe6 21. Nxe6 Qc8 22. Nxf8 c3 23. Rfc1 c2 24. Rb3 Bxf8 25. Qf4 Bh6 26. Qb4 Bg7 27. d4 Kh8 28. Rb2 Nc6 29. Qa4 Ncxd4 30. exd4 Nxd4 31. Kh1 Bc6 32. Rxb8 Qxb8 33. Qa5 Qb6 34. Qxb6 axb6 35. Be3 Ba4 36. Bxd5 Ne2 37. Re1 Bb5 38. Be4 Bc3 1-0

[Event "POR-chT"]
[Site "Aveiro"]
[Date "2000.06.23"]
[Round "7"]
[White "De Sousa, Jose Claude"]
[Black "Fernandes, Antonio ETG"]
[Result "0-1"]
[WhiteElo "2280"]
[BlackElo "2448"]
[PlyCount "44"]
[EventDate "2000.06.11"]
[EventType "team-swiss"]
[EventRounds "9"]
[EventCountry "POR"]
[SourceTitle "EXT 2001"]
[Source "ChessBase"]
[SourceDate "2000.11.22"]
[SourceVersion "1"]
[SourceVersionDate "2000.11.22"]
[SourceQuality "1"]

1. e4 c5 2. Nf3 d6 3. d4 cxd4 4. Nxd4 Nf6 5. Nc3 e6 6. Be3 a6 7. g4 h6 8. h4 Be7 9. Rg1 d5 10. exd5 Nxd5 11. Nxd5 Qxd5 12. Bg2 Qa5+ 13. c3 Nd7 14. Qb3 0-0 15. g5 Nc5 16. Qc2 e5 17. gxh6 exd4 18. Bd5 Bf6 19. Qg6 Nd3+ 20. Qxd3 Qxd5 21. hxg7 Re8 22. 0-0-0 Bf5 0-1

[Event "POR-chT"]
[Site "Aveiro"]
[Date "2000.06.18"]
[Round "5"]
[White "De Sousa, Jose Claude"]
[Black "Rocha, Sergio MC"]
[Result "1/2-1/2"]
[WhiteElo "2280"]
[BlackElo "2380"]
[PlyCount "37"]
[EventDate "2000.06.11"]
[EventType "team-swiss"]
[EventRounds "9"]
[EventCountry "POR"]
[SourceTitle "EXT 2001"]
[Source "ChessBase"]
[SourceDate "2000.11.22"]
[SourceVersion "1"]
[SourceVersionDate "2000.11.22"]
[SourceQuality "1"]

1. e4 c5 2. Nf3 Nc6 3. Bb5 d6 4. 0-0 Bd7 5. Re1 Nf6 6. h3 a6 7. Bf1 e5 8. c3 Be7 9. d3 0-0 10. Nbd2 b5 11. a3 Re8 12. b4 a5 13. bxc5 dxc5 14. a4 b4 15. Nc4 Qb8 16. cxb4 axb4 17. Bb2 Bf8 18. Qd2 h6 19. Be2 1/2-1/2

[Event "Ubeda op 5th"]
[Site "Ubeda"]
[Date "2000.01.19"]
[Round "1"]
[White "Minasian, Artashes"]
[Black "De Sousa, Jose Claude"]
[Result "1-0"]
[WhiteElo "2598"]
[BlackElo "2280"]
[PlyCount "47"]
[EventDate "2000.01.19"]
[EventType "swiss"]
[EventRounds "10"]
[EventCountry "ESP"]
[SourceTitle "CBM 075"]
[Source "ChessBase"]
[SourceDate "2000.04.05"]
[SourceVersion "1"]
[SourceVersionDate "2000.04.05"]
[SourceQuality "1"]

1. b3 d5 2. Bb2 Bf5 3. Nf3 e6 4. g3 Nf6 5. Bg2 Be7 6. d3 0-0 7. 0-0 c5 8. Nbd2 Nc6 9. e3 h6 10. Qe2 Bh7 11. Rfd1 Qc7 12. c4 Rfd8 13. cxd5 Nxd5 14. e4 Nf6 15. Nc4 Nd7 16. d4 cxd4 17. Nxd4 Nxd4 18. Bxd4 Rac8 19. e5 Nc5 20. h4 Rd7 21. Nd6 Bxd6 22. exd6 Rxd6 23. Rac1 Qd7 24. Bxg7 1-0